| 000 | 00897nam a22002537a 4500 | ||
|---|---|---|---|
| 005 | 20251108170805.0 | ||
| 008 | 250721s2000 xx 000 0 ara d | ||
| 082 | 1 | 4 | _a189/عبد |
| 100 | 1 | _aعبد الخالق، غسان إسماعيل | |
| 245 | 1 | 0 |
_aالدولة و المذهب : _bدراستين في الفكر العربي الإسلامي قديما و حديثا / |
| 264 | 1 |
_aبيروت : _bالمؤسسة العربية للدراسات و النشر، _c2000. |
|
| 300 | _a139ص | ||
| 650 | 1 | 7 | _aالفلسفة الإسلامية |
| 650 | 1 | 7 | _aالخلدونية |
| 650 | 1 | 7 | _aعلم الكلام |
| 650 | 1 | 7 | _aالفرق الإسلامية |
| 650 | 1 | 7 | _aالعباسيون |
| 650 | 1 | 7 | _aالمعتزلة |
| 650 | 1 | 7 | _aالإسلام |
| 650 | 1 | 7 | _aالتاريخ الإسلامي |
| 650 | 1 | 7 | _aالمذاهب الإسلامية |
| 942 |
_2ddc _cBK |
||
| 999 |
_c49033 _d49033 |
||